Community Crime Prevention and Intimate Violence in Chicago, 1995-1998

This study sought to answer the question: If a woman is experiencing intimate partner violence, does the collective efficacy and community capacity of her neighborhood facilitate or erect barriers to her ability to escape violence, other things being equal? To address this question, longitudinal dat...

Descripción completa

Guardado en:  
Detalles Bibliográficos
Autor principal: Block, Carolyn Rebecca (Autor)
Otros Autores: Skogan, Wesley G. (Contribuidor)
Tipo de documento: Electrónico Research Data
Lenguaje:Inglés
Publicado: [Erscheinungsort nicht ermittelbar] [Verlag nicht ermittelbar] 2003
En:Año: 2003
Acceso en línea: Volltext (kostenfrei)
Verificar disponibilidad: HBZ Gateway
Palabras clave:

MARC

LEADER 00000cam a22000002c 4500
001 1840064951
003 DE-627
005 20250707120929.0
007 cr uuu---uuuuu
008 230324s2003 xx |||||o 00| ||eng c
024 7 |a 10.3886/ICPSR03437.v1  |2 doi 
035 |a (DE-627)1840064951 
035 |a (DE-599)KXP1840064951 
040 |a DE-627  |b ger  |c DE-627  |e rda 
041 |a eng 
084 |a 2,1  |2 ssgn 
100 1 |a Block, Carolyn Rebecca  |e VerfasserIn  |4 aut 
245 1 0 |a Community Crime Prevention and Intimate Violence in Chicago, 1995-1998 
264 1 |a [Erscheinungsort nicht ermittelbar]  |b [Verlag nicht ermittelbar]  |c 2003 
336 |a Text  |b txt  |2 rdacontent 
337 |a Computermedien  |b c  |2 rdamedia 
338 |a Online-Ressource  |b cr  |2 rdacarrier 
520 |a This study sought to answer the question: If a woman is experiencing intimate partner violence, does the collective efficacy and community capacity of her neighborhood facilitate or erect barriers to her ability to escape violence, other things being equal? To address this question, longitudinal data on a sample of 210 abused women from the CHICAGO WOMEN'S HEALTH RISK STUDY, 1995-1998 (ICPSR 3002) were combined with community context data for each woman's residential neighborhood taken from the Chicago Alternative Policing Strategy (CAPS) evaluation, LONGITUDINAL EVALUATION OF CHICAGO'S COMMUNITY POLICING PROGRAM, 1993-2000 (ICPSR 3335). The unit of analysis for the study is the individual abused woman (not the neighborhood). The study takes the point of view of a woman standing at a street address and looking around her. The characteristics of the small geographical area immediately surrounding her residential address form the community context for that woman. Researchers chose the police beat as the best definition of a woman's neighborhood, because it is the smallest Chicago area for which reliable and complete data are available. The characteristics of the woman's police beat then became the community context for each woman. The beat, district, and community area of the woman's address are present. Neighborhood-level variables include voter turnout percentage, organizational involvement, percentage of households on public aid, percentage of housing that was vacant, percentage of housing units owned, percentage of feminine poverty households, assault rate, and drug crime rate. Individual-level demographic variables include the race, ethnicity, age, marital status, income, and level of education of the woman and the abuser. Other individual-level variables include the Social Support Network (SSN) scale, language the interview was conducted in, Harass score, Power and Control score, Post-Traumatic Stress Disorder (PTSD) diagnosis, other data pertaining to the respondent's emotional and physical health, and changes over the past year. Also included are details about the woman's household, such as whether she was homeless, the number of people living in the household and details about each person, the number of her children or other children in the household, details of any of her children not living in her household, and any changes in the household structure over the past year. Help-seeking in the past year includes whether the woman had sought medical care, had contacted the police, or had sought help from an agency or counselor, and whether she had an order of protection. Several variables reflect whether the woman left or tried to leave the relationship in the past year. Finally, the dataset includes summary variables about violent incidents in the past year (severity, recency, and frequency), and in the follow-up period. 
540 |a ICPSR Terms of Use 
650 4 |a Battered Women 
650 4 |a Communities 
650 4 |a community involvement 
650 4 |a community power 
650 4 |a Crime Prevention 
650 4 |a Domestic Violence 
650 4 |a Living conditions 
650 4 |a neighborhood conditions 
650 4 |a Neighborhoods 
650 4 |a neighbors 
650 4 |a social environment 
650 4 |a Social Networks 
655 7 |a Forschungsdaten  |0 (DE-588)1098579690  |0 (DE-627)857755366  |0 (DE-576)469182156  |2 gnd-content 
700 1 |a Skogan, Wesley G.  |e MitwirkendeR  |4 ctb 
787 0 8 |i Forschungsdaten zu  |a Tester, Marlys K.  |t Analysis of Selected Correlates of Spouse Abuse and the Policy Implications for the Criminal Justice System  |d [Erscheinungsort nicht ermittelbar] : East Tennessee State University, 2006  |w (DE-627)1912457059 
787 0 8 |i Forschungsdaten zu  |a Block, Carolyn Rebecca  |t The Chicago Women's Health Risk Study: At a Glance  |d [Erscheinungsort nicht ermittelbar] : Illinois Criminal Justice Information Authority, 2000  |w (DE-627)1912476959 
787 0 8 |i Forschungsdaten zu  |a Block, Carolyn Rebecca  |t The Chicago Women's Health Risk Study: Risk of Serious Injury or Dealth in Intimate Violence: A Collaborative Research Project  |d United States Department of Justice, National Institute of Justice, 2000  |w (DE-627)1912476983 
787 0 8 |i Forschungsdaten zu  |a Skogan, Wesley G.  |t Community Policing, Chicago Style  |d [Erscheinungsort nicht ermittelbar] : Oxford University Press, 1997  |w (DE-627)1912485133 
787 0 8 |i Forschungsdaten zu  |a Chicago Community Policing Evaluation Consortium  |t Community Policing in Chicago, Year Five and Six: An Interim Report  |d [Erscheinungsort nicht ermittelbar] : Illinois Criminal Justice Information Authority, 1999  |w (DE-627)1912485214 
787 0 8 |i Forschungsdaten zu  |a Chicago Community Policing Evaluation Consortium  |t Community Policing in Chicago, Year Four: An Interim Report  |d [Erscheinungsort nicht ermittelbar] : Illinois Criminal Justice Information Authority, 1997  |w (DE-627)1912485222 
787 0 8 |i Forschungsdaten zu  |a Skogan, Wesley G.  |t Community Policing in Chicago, Year One: An Interim Report  |d [Erscheinungsort nicht ermittelbar] : Illinois Criminal Justice Information Authority, 1994  |w (DE-627)1912485230 
787 0 8 |i Forschungsdaten zu  |a Chicago Community Policing Evaluation Consortium  |t Community Policing in Chicago, Year Three  |d [Erscheinungsort nicht ermittelbar] : Illinois Criminal Justice Information Authority, 1996  |w (DE-627)1912485281 
787 0 8 |i Forschungsdaten zu  |a Chicago Community Policing Evaluation Consortium  |t Community Policing in Chicago, Year Two: An Interim Report  |d [Erscheinungsort nicht ermittelbar] : Illinois Criminal Justice Information Authority, 1995  |w (DE-627)191248529X 
787 0 8 |i Forschungsdaten zu  |a Johnson, Holly  |t Dangerous Domains: Violence Against Women in Canada  |d [Erscheinungsort nicht ermittelbar] : Nelson Canada, 1996  |w (DE-627)1912504790 
787 0 8 |i Forschungsdaten zu  |a Block, Carolyn Rebecca  |t Do Collective Efficacy and Community Capacity Make a Difference 'Behind Closed Doors'?  |d Illinois Criminal Justice Information Authority [producer], United States Department of Justice, National Institute of Justice [distributor], 2001  |w (DE-627)1912517337 
787 0 8 |i Forschungsdaten zu  |a Li, Guohua  |t Epidemiology of anesthesia-related mortality in the United States, 1999-2005  |d 2009  |w (DE-627)1912537419 
787 0 8 |i Forschungsdaten zu  |a Block, Carolyn Rebecca  |t Intimate Partner Homicide in Chicago Over 29 Years  |d 1995  |w (DE-627)1912596253 
787 0 8 |i Forschungsdaten zu  |a Sheridan, Daniel J.  |t Measuring Harassment of Abused Women: A Nursing Concern  |d [Erscheinungsort nicht ermittelbar] : Oregon Health Sciences University, 1998  |w (DE-627)1912618729 
787 0 8 |i Forschungsdaten zu  |a Valentine, Colby L.  |t The nonlinear effect of informal social control on repeat intimate partner violence victimization  |d 2019  |w (DE-627)1912637723 
787 0 8 |i Forschungsdaten zu  |a Campbell, Jacquelyn C.  |t Nursing care of abused women  |d Mosby, 1993  |w (DE-627)1912639181 
787 0 8 |i Forschungsdaten zu  |a Skogan, Wesley G.  |t On the Beat: Police and Community Problem Solving  |d [Erscheinungsort nicht ermittelbar] : Westview Publishing, 1999  |w (DE-627)1912640554 
787 0 8 |i Forschungsdaten zu  |a Skogan, Wesley G.  |t Problem Solving in Practice: Implementing Community Policing in Chicago  |d [Erscheinungsort nicht ermittelbar] : United States Department of Justice, National Institute of Justice, 2000  |w (DE-627)1912665476 
787 0 8 |i Forschungsdaten zu  |a Foa, Edna B., 1937 -   |t Reliability and validity of a brief instrument for assessing post-traumatic stress disorder  |d 1993  |w (DE-627)1912684160 
787 0 8 |i Forschungsdaten zu  |a Hayes, Ron D.  |t User's Manual for the Medical Outcome Study (MOS) Core Measures of Health-Related Quality of Life  |d [Erscheinungsort nicht ermittelbar] : RAND, 1995  |w (DE-627)1912738198 
856 4 0 |u https://doi.org/10.3886/ICPSR03437.v1  |x Resolving-System  |z kostenfrei  |3 Volltext  |7 0 
935 |a mkri 
951 |a BO 
ELC |a 1 
LOK |0 000 xxxxxcx a22 zn 4500 
LOK |0 001 4296812688 
LOK |0 003 DE-627 
LOK |0 004 1840064951 
LOK |0 005 20230324125327 
LOK |0 008 230324||||||||||||||||ger||||||| 
LOK |0 035   |a (DE-2619)ICPSR3437 
LOK |0 040   |a DE-2619  |c DE-627  |d DE-2619 
LOK |0 092   |o n 
LOK |0 852   |a DE-2619 
LOK |0 852 1  |9 00 
LOK |0 935   |a foda  |a nacj 
LOK |0 939   |a 24-03-23  |b l01 
OAS |a 1 
ORI |a SA-MARC-krimdoka001.raw